Pokémon Trivia Trail 2 - Statistics

General Stats
  • This quiz has been taken 29 times
  • The average score is 7 of 15
Answer Stats
Hint Answer % Correct
These two Gen 1 Bugs both evolve at the same level. (Either answer accepted.) Caterpie/Weedle
89%
The fastest Baby Pokémon. Elekid
89%
The literal translation of the Dark Type. Evil
81%
Sun Wukong without his big stick. Infernape
74%
Yum yum. Eat all the mountains so I can grow big and strong! Larvitar
56%
Find Surskit swarming here in Sinnoh now that its protector's gone roaming. Lake Verity
52%
Call the Alolan legends here with your flute. Altar of the Sunne/Altar of the Moone
48%
The user draws power from nature and fires it at the foe. It may also lower the target’s Sp. Def. Energy Ball
48%
This Pokémon has two forms. Yamask
37%
IUPS Poll's edgiest boy. Darkrai
33%
Formerly known as the SS Cactus, in the south of Hoenn. Abandoned Ship
22%
The only single stage Pokémon that can enter Amity Square. Pachirisu
22%
Before Gen 8, the only Pokémon of (one of) its type(s) to require an item to evolve. Kingdra
19%
Many players didn't realise that there was a new evolution method to get this Pokémon in Galar. Rabsca
7%
Hold your breath to enter this maze. Undersea Ruins
7%
No matching quizzes found
Score Distribution
Percent of People with Each Score
Percentile by Number Answered
Your Score History
You have not taken this quiz